Online
Catalog

Galicia artística en el siglo xviii y primer tercio del xix / (Record no. 37069)

MARC details
000 -CABECERA
campo de control de longitud fija 00900nam a2200217 a 4500
001 - NÚMERO DE CONTROL
campo de control 000037579
005 - FECHA Y HORA DE LA ÚLTIMA TRANSACCIÓN
campo de control 20200930080442.0
008 - DATOS DE LONGITUD FIJA--INFORMACIÓN GENERAL
campo de control de longitud fija 120501s2004 sp 000 0 spa d
020 ## - NÚMERO INTERNACIONAL ESTÁNDAR DEL LIBRO
Número Internacional Estándar del Libro 8400082761
040 ## - FUENTE DE LA CATALOGACIÓN
Centro catalogador/agencia de origen DO-SdBNP
Lengua de catalogación spa
Centro/agencia transcriptor BNPHU
100 1# - ENTRADA PRINCIPAL--NOMBRE DE PERSONA
Nombre de persona Couselo Bouzas, José.
9 (RLIN) 64046
245 10 - MENCIÓN DE TÍTULO
Título Galicia artística en el siglo xviii y primer tercio del xix /
Mención de responsabilidad, etc. José Couselo Bouzas.
260 ## - PUBLICACIÓN, DISTRIBUCIÓN, ETC.
Lugar de publicación, distribución, etc. Santiago de Compostela :
Nombre del editor, distribuidor, etc. CSIC
-- Instituto de Estudios Gallegos,
Fecha de publicación, distribución, etc. 2004.
300 ## - DESCRIPCIÓN FÍSICA
Extensión 652 p. ;
Dimensiones 25 cm.
490 1# - MENCIÓN DE SERIE
Mención de serie Cuadernos de Estudios Gallegos
-- anexos
Designación de volumen o secuencia 34
500 ## - NOTA GENERAL
Nota general Incluye índice
533 ## - NOTA DE REPRODUCCIÓN
Tipo de reproducción Facsímil:
Lugar de la reproducción Compostela (España)
Fecha de la reproducción 1933
Institución responsable de la reproducción Librería y Enc. del Seminarioo
504 ## - NOTA DE BIBLIOGRAFÍA, ETC.
Nota de bibliografía, etc. Incluye referencias bibliográficas y notas al pie de las páginas
710 2# - PUNTO DE ACCESO ADICIONAL--NOMBRE DE ENTIDAD CORPORATIVA
Nombre de entidad corporativa o nombre de jurisdicción como elemento de entrada Consejo Superior de Investigación Científicas (España)
9 (RLIN) 64047
830 #0 - PUNTO DE ACCESO ADICIONAL DE SERIE-TÍTULO UNIFORME
Título uniforme Cuadernos de Estudios Gallegos
-- anexos
Designación de volumen o secuencia 34
9 (RLIN) 64048
Holdings
Estado de retiro Estado de pérdida Restricciones de uso No para préstamo Código de colección Localización permanente Ubicación/localización actual Ubicación en estantería Fecha de adquisición Número de inventario Total de préstamos Signatura topográfica completa Código de barras Fecha visto por última vez Precio válido a partir de Tipo de ítem Koha
        Monografías: Libros y Folletos General General Orden iniciada 01.05.2012 LF1   37579-10 25.06.2020 25.06.2020 No se presta

Powered by Koha